[Event "Sestola op"]
[Site "Sestola"]
[Date "1991.06.??"]
[Round "?"]
[White "Aseev, Konstantin N"]
[Black "Ortega, Lexy"]
[Result "1-0"]
[WhiteElo "2515"]
[BlackElo "2410"]
[Annotator "Aseev,K"]
[PlyCount "83"]
[EventDate "1991.06.??"]
[EventType "swiss"]
[EventRounds "9"]
[EventCountry "ITA"]
[SourceTitle "EXT 2014"]
[Source "ChessBase"]
[SourceDate "2013.11.20"]
[SourceVersion "1"]
[SourceVersionDate "2013.11.20"]
[SourceQuality "1"]

1. d4 Nf6 2. c4 e6 3. Nf3 d5 4. Nc3 Bb4 5. Bg5 Nbd7 6. e3 c5 7. cxd5 exd5 8.
Bd3 Qa5 9. Qc2 O-O 10. O-O Bxc3 11. bxc3 c4 12. Bf5 Re8 13. Nd2 g6 14. Bxd7
Nxd7 15. f3 Nb6 16. Bf4 Bd7 17. e4 Na4 18. Rfc1 $1 Bc6 19. e5 Bd7 20. Nf1 Re6
21. Qd2 Rae8 22. Ne3 Rb6 23. Rc2 f6 24. exf6 Rxf6 25. Bg5 Rf7 26. Rb1 $1 Be6
27. Re1 Qb5 28. Qc1 Bd7 29. Rce2 Rc8 $2 {Zeitnot,} ({etwas besser war} 29...
Nb6 {um in der Brettmitte und eventuell am Königsflügel bei der Verteidigung
auszuhelfen.}) 30. Ng4 Bxg4 31. fxg4 Qd7 32. Bh6 Rd8 33. Qa3 $2 Nb6 34. Qxa7
Nc8 35. Qc5 b6 36. Qb4 Nd6 37. Qxb6 Ne4 38. h3 Re8 (38... Nxc3 39. Qxd8+ $1
Qxd8 40. Re8+ Rf8 41. Bxf8 $1) 39. Qa5 Qe6 40. a4 g5 41. Bxg5 Nxg5 42. Rxe6 {
Quelle: Schach-Magazin 64 15/91 Seite 411 Inf 52/(410)} 1-0

[Event "Balkaniad 17th"]
[Site "Heraklion"]
[Date "1985.10.??"]
[Round "3"]
[White "Grivas, Efstratios"]
[Black "Kovacevic, Vlatko"]
[Result "1/2-1/2"]
[WhiteElo "2395"]
[BlackElo "2505"]
[Annotator "Atalik,S"]
[PlyCount "135"]
[EventDate "1985.10.20"]
[EventType "team-tourn"]
[EventRounds "5"]
[EventCountry "GRE"]
[SourceTitle "EXT 2020"]
[Source "ChessBase"]
[SourceDate "2019.10.17"]
[SourceVersion "1"]
[SourceVersionDate "2019.10.17"]
[SourceQuality "1"]
[WhiteTeam "Greece"]
[BlackTeam "Yugoslavia"]
[WhiteTeamCountry "GRE"]
[BlackTeamCountry "YUG"]

1. d4 Nf6 2. c4 e6 3. Nf3 d5 4. Nc3 Bb4 5. Bg5 Nbd7 6. cxd5 exd5 7. e3 O-O 8.
Bd3 c5 9. O-O Qa5 10. Qc2 c4 11. Bf5 Re8 12. Nd2 g6 13. Bh3 Kg7 14. a3 Bxc3 15.
bxc3 (15. Qxc3 Qxc3 16. bxc3 b5 17. Rfb1 a6 18. a4 h6 19. Bxf6+ Nxf6 20. Bxc8
Rexc8 21. f3 Rcb8 22. Kf2 bxa4 23. Rxb8 Rxb8 24. Ke2 Ne8 25. Rxa4 Nc7 26. Kd1
f5 27. Kc2 g5 28. e4 fxe4 29. fxe4 Rf8 30. exd5 Nxd5 31. Nxc4 Rf2+ 32. Kd3 Rxg2
33. Ne3 Nxe3 34. Kxe3 Rxh2 35. Ke4 Rf2 36. Rxa6 g4 37. c4 h5 38. c5 g3 39. Ke3
Rf8 {0-1 (39) Tukmakov,V (2555)-Kovacevic,V (2560) Hastings 1982}) 15... Nb6 $6
$146 (15... b5 16. a4 b4 17. cxb4 Qxb4 18. Rfb1 Qd6 19. Qc3 Qc6 20. f3 Ba6 21.
e4 Rab8 22. e5 Ng8 23. Nb3 f5 24. exf6+ Ngxf6 25. Bxd7 Nxd7 26. Nc5 Kg8 27.
Rxb8 Rxb8 28. Bf4 Re8 29. Nxd7 Qxd7 30. Be5 Qc6 31. h3 Kf7 32. Kh1 Ke6 33. a5
Bb5 34. Rc1 Kd7 35. Qb4 a6 36. Rc3 Kc8 37. f4 Kb7 38. Rf3 Qd7 39. Kh2 Rc8 40.
Qa3 Ka8 41. Qc3 Ba4 42. f5 gxf5 43. Rg3 Qb5 44. Rg7 Qb3 45. Qc1 {Smejkal,J 
(2540)-Kovacevic,V (2510) Novi Sad 1984 1-0}) (15... Ne4 {Djordjevic,V (2415)
-Atalik,S (2572) Nis op 2016 (7) 1/2}) 16. Bxc8 (16. Bxf6+ Kxf6 17. Bxc8 Raxc8
18. e4) 16... Raxc8 17. Bf4 Qa4 18. Qb2 Nh5 19. Be5+ f6 20. Bg3 Nxg3 21. hxg3
Rc7 22. Rfb1 Qc6 23. Qc2 Na4 24. Re1 b5 25. f3 Re6 26. e4 Rce7 27. Kf2 h5 28.
Rab1 a6 29. Rbd1 Qd6 30. Qc1 a5 31. exd5 Rxe1 32. Rxe1 Rxe1 33. Qxe1 Nxc3 34.
Nxc4 bxc4 35. Qxc3 Qxd5 36. a4 g5 37. Ke3 h4 38. gxh4 gxh4 39. Kf2 Kf7 40. Kf1
Ke7 41. Ke2 Kd7 42. Ke3 Kd6 43. Qa3+ Kc6 44. Qc3 Qg5+ 45. Kf2 Qd5 46. Ke3 Kd7
47. Qc2 Kd6 48. Qc3 Kc6 49. Qc2 Qg5+ 50. Kf2 Kd5 51. Qe4+ Kd6 52. Qc2 Qg3+ 53.
Ke3 Qe1+ 54. Kf4 c3 55. Qb3 Qg3+ 56. Ke4 Qg6+ 57. Ke3 c2 58. Qb8+ Ke7 59. Qc7+
Kf8 60. Qd8+ Kg7 61. Qe7+ Kh6 62. Qf8+ Kh5 63. Qh8+ Kg5 64. f4+ Kg4 65. Qc8+
Qf5 66. Qg8+ Qg5 67. Qc8+ Qf5 68. Qg8+ 1/2-1/2

[Event "Tekirdag Rodosto"]
[Site "Tekirdag"]
[Date "2016.11.02"]
[Round "1"]
[White "Atalik, Suat"]
[Black "Luther, Thomas"]
[Result "1/2-1/2"]
[WhiteElo "2550"]
[BlackElo "2533"]
[Annotator "Atalik,S"]
[PlyCount "89"]
[EventDate "2016.11.02"]
[EventType "tourn"]
[EventRounds "9"]
[EventCountry "TUR"]
[EventCategory "11"]
[SourceTitle "CBM 176"]
[Source "ChessBase"]
[SourceDate "2017.01.17"]
[SourceVersion "1"]
[SourceVersionDate "2017.01.17"]
[SourceQuality "1"]

1. d4 e6 2. Nf3 d5 3. c4 Nf6 4. Nc3 Bb4 {Ragozin.} 5. Bg5 h6 6. Bxf6 Qxf6 7.
Qb3 $5 c5 8. cxd5 exd5 9. a3 (9. e3 O-O $1 (9... Nc6 10. Bb5 $1) 10. a3 Bxc3+
11. Qxc3 c4 12. b3 Be6 $13) 9... cxd4 $5 {There are more popular lines than
the text.} (9... Bxc3+ 10. Qxc3 b6 $5 (10... Nd7 11. g3 $5)) 10. axb4 dxc3 11.
Qxc3 Qxc3+ 12. bxc3 Bg4 $2 {A strange pawn sacrifice.} (12... Nd7 13. e3 Nb6
14. Bd3 (14. b5 $1 Bd7 15. Kd2 Ke7 16. Nd4 Kd6 17. Bd3 Rhc8 18. Ra5 $36 {
is a real try.}) 14... Ke7 15. Nd4 Bd7 16. Kd2 Rhc8 17. Ra5 Kd6 18. Rha1 a6 $14
{Ree-V.Kovacevic,Wijk aan Zee 1980, where the old foxes reached our game by a
more convincing way.}) 13. Nd4 $2 {I should have gone for the pawn.} (13. Ra5
$5 b6 14. Rxd5 a5 15. bxa5 Be6 16. Rb5 Rxa5 17. Rxa5 bxa5 18. Nd4 Na6 19. e3
Nc5 20. f3 a4 21. Kd2 Ke7 $16 {The a-pawn is strong but I doubt if Black has
enough compensation.}) 13... Ke7 14. Kd2 {My original idea was to push e4 but
I later found it too equalish.} (14. g3 $5 Nd7 15. Bg2 Nb6 16. e4 $1 {is a
better way of preparing e4.}) 14... Rc8 15. f3 $6 {Another clumsy move; there
is no need to send the bishop back.} (15. e4 $5 dxe4 16. Re1 Bd7 17. Rxe4+ Kf8
18. Be2 Nc6 (18... a5 19. b5) 19. Bf3 Rd8 $11) (15. e3 $1 Nd7 (15... Nc6 16.
Nxc6+ Rxc6 17. Bd3 $14) 16. Bd3 Nb6 17. b5 $5 $36 (17. Rhe1 a6 18. e4 $40))
15... Be6 16. e3 Nd7 (16... Nc6 17. b5 Ne5 18. Ra5) 17. Bd3 Nb6 18. Ra5 $2 (18.
b5 $1 $36 {is the key move I was not aware of during the game.}) 18... a6 $1
$14 19. Rha1 (19. g4 Bd7 20. h4 Kd6 21. g5 hxg5 22. hxg5 Rh8 23. Raa1 Rac8 $132
) 19... Bd7 20. h4 Rab8 21. g4 Rc7 22. b5 $6 {leads to mere equality.} (22. h5
Rbc8 23. Ne2 $14) 22... axb5 23. Nxb5 Rc5 24. Nd4 Rxa5 25. Rxa5 Ra8 $1 (25...
Kd6 26. Ra7 $14) 26. Rxa8 Nxa8 27. e4 dxe4 $5 {I thought that the position
might contain risks for Black with both pieces on the 8th rank and White's
king could go up but possibly the exchange was the way to equalise at once.} (
27... Nb6 28. e5 $14) (27... Nc7 28. e5 $14) 28. Bxe4 Bc8 29. Nb5 (29. Bf5 Nb6
30. Bxc8 Nxc8 31. Nf5+ Kf6 $11) 29... Nb6 30. Kd3 Na4 31. Kd4 b6 32. Nc7 (32.
Bd5 Nc5) 32... Bd7 33. Bc2 Kd6 $1 (33... b5 $4 34. Bd3 $18 {is too good to be
true.}) 34. Nd5 b5 35. Ne3 Nc5 36. Nf5+ Bxf5 37. gxf5 $5 (37. Bxf5 g5 $11)
37... f6 38. f4 Na6 (38... Kc6 39. Bd1) 39. Bd3 Nc7 {A position not with one
but with two impregnable fortresses!} 40. Be4 Na6 41. Bd3 Nc7 42. Be4 Na6 43.
Bd3 Kc6 44. Be4+ Kd6 (44... Kb6 $2 45. Kd5 {is totally unnecessary.}) 45. Bd3
1/2-1/2

[Event "World op 28th"]
[Site "Philadelphia"]
[Date "2000.07.04"]
[Round "9"]
[White "Atalik, Suat"]
[Black "Gaprindashvili, Valerian"]
[Result "1-0"]
[WhiteElo "2575"]
[BlackElo "2446"]
[Annotator "Atalik,S"]
[PlyCount "91"]
[EventDate "2000.06.28"]
[EventType "swiss"]
[EventRounds "9"]
[EventCountry "USA"]
[SourceTitle "CBM 078"]
[Source "ChessBase"]
[SourceDate "2000.10.18"]
[SourceVersion "1"]
[SourceVersionDate "2000.10.18"]
[SourceQuality "1"]

1. d4 e6 2. c4 Nf6 3. Nf3 d5 4. Nc3 Bb4 5. Bg5 h6 6. Bxf6 Qxf6 7. Qb3 c5 8.
cxd5 exd5 9. e3 O-O 10. dxc5 Nc6 11. Bb5 d4 12. Bxc6 dxc3 13. Qxb4 cxb2 14. Rb1
Qxc6 $6 $146 (14... bxc6 15. Rxb2 (15. Qxb2 Qg6 16. O-O Bh3 17. Nh4 Qg5 18. Qd4
Rfd8 19. Qa4 Bg4 20. g3 $14 {Akopian-Ibragimov.I,New York(open)1998}) (15. Nd4
Qg6) (15. O-O Ba6 16. Rfe1 Rab8 17. Qa3 Bc4 18. Nd4 Rfe8 19. f3 $14 {
Seirawan-Polgar,J Amsterdam 1995.}) 15... Ba6 16. Nd4 Rab8 17. Qxb8 Rxb8 18.
Rxb8+ Kh7 $13) 15. O-O (15. Rxb2 $2 b6 $132) 15... a5 16. Qa3 $1 {Sparing d4
square for the N.} (16. Qd4 $6 Be6 17. Ne5 (17. Rxb2 Rac8 18. Rc1 Rfd8) 17...
Qc7 18. Rxb2 Rfd8 $11) 16... Bh3 17. Qxb2 $1 (17. Rxb2 $2 Bxg2 18. Kxg2 Qg6+
19. Kh3 Qf5+ $11) 17... Qg6 $5 18. Ne1 (18. Nh4 $6 Qg5 19. Qxb7 Qxh4 20. gxh3
Qg5+ $11) 18... Be6 19. Rc1 Qe4 (19... Bd5 20. f3) 20. Nf3 Qb4 21. Rc2 Rfc8 22.
Rfc1 b5 23. Nd4 Qxb2 24. Rxb2 b4 25. c6 Rab8 26. g3 $1 {The only luft which
serves keeping the second horizontal in control.} a4 27. Nxe6 fxe6 28. Rc4 $18
a3 29. Rbxb4 Rxb4 30. Rxb4 Rxc6 31. Rb3 $1 (31. Ra4 $2 Rc3 32. Kf1 Rc1+ 33. Kg2
Rc3 34. Ra7 Kh7 35. Kf3 Kg6 36. Ke4 Rc2 37. Rxa3 Rxf2 38. Ke5 Rxh2 39. Kxe6 Re2
40. Ke5 Kg5 41. e4 Kg4 $11) 31... Ra6 32. h4 h5 $6 {Hastens blacks end.} (32...
Kf7 33. h5 $1 (33. Kf1 Kf6 34. Ke2 Kf5 35. f3 g5 36. hxg5 hxg5 37. g4+ Ke5 38.
Rb5+ Kf6) 33... g6 34. hxg6+ Kxg6 35. Kg2 $18) 33. Rb5 Rc6 34. Ra5 Rc3 35. Kf1
Rc1+ 36. Kg2 Rc3 37. Kf3 Kf7 38. Rxh5 Rc2 39. Ra5 Rxa2 40. h5 Kf6 41. g4 g5 42.
Ra7 Ra1 43. Kg2 a2 44. h6 Rb1 45. Rxa2 (45. h7 Rb8 46. Rxa2 Kg6 47. Ra7 Rh8 $18
) 45... Rb4 (45... Kg6 46. Ra6 Kf6 47. f4 $18) (45... Rb7 46. Ra1 $18) 46. Kf3
(46. Kf3 Kg6 47. Ra6 Kf6 48. h7) 1-0

[Event "TUR-chT"]
[Site "Kocaeli"]
[Date "2008.06.25"]
[Round "3"]
[White "Gagunashvili, Merab"]
[Black "Atalik, Suat"]
[Result "1/2-1/2"]
[WhiteElo "2553"]
[BlackElo "2592"]
[Annotator "Atalik,S"]
[PlyCount "84"]
[EventDate "2008.06.24"]
[EventType "team"]
[EventRounds "15"]
[EventCountry "TUR"]
[SourceTitle "CBM 125"]
[Source "ChessBase"]
[SourceDate "2008.07.30"]
[SourceVersion "1"]
[SourceVersionDate "2008.07.30"]
[SourceQuality "1"]

1. d4 Nf6 2. Nf3 d5 3. c4 e6 4. Nc3 Bb4 {The defence named after Viacheslav
Ragozin.} 5. Qa4+ $5 {A rapidly growing line.} Nc6 6. e3 O-O 7. Bd2 Qe8 $5 $146
{For some reason nobody has touched this move. The move helps to push e5 and
also has a simple threat of Nd4.} (7... dxc4 8. Bxc4 Bd6 $11 {is believed to
give equal chances for Black.}) 8. Qc2 (8. Rc1 Bd7 9. Qb3 dxc4 10. Bxc4 Bd6 11.
Nb5 Ne4 $14) 8... dxc4 9. Bxc4 e5 10. d5 (10. a3 exd4 11. axb4 Nxb4 12. Qb3
dxc3 13. Bxc3 c5 $5 $132 {is one of the lines I have analysed.}) 10... Ne7 11.
Nxe5 (11. e4 Bd6 $13 {looks like a normal position to me.}) 11... Nexd5 (11...
Bxc3 {temporarily surrenders the pair of bishops but puts White's Ne5 in an
awkward position.} 12. Bxc3 Nexd5 13. O-O Nxc3 14. Qxc3 Be6 $14) 12. Nxd5 (12.
Nxf7 $2 {is tactically unjustified.} Bxc3 13. Bxc3 Rxf7 14. Bxf6 Nxf6 $17)
12... Bxd2+ 13. Qxd2 Qxe5 14. Qc3 $1 {I like Gagun's move.} Qxc3+ 15. Nxc3 Rd8
16. f3 c6 (16... Be6 17. Bxe6 fxe6 18. Ke2 Kf7 $14) 17. Rd1 Rxd1+ 18. Kxd1 b5
$5 (18... Kf8 19. Ke2 Ke7 20. Rd1 Be6 21. Bxe6 Kxe6 22. e4 $14) 19. Bb3 a6 $6 (
19... Rb8 $142 {is a better follow up to the pseudo aggressive push b5.} 20. e4
a5 21. a3 a4 22. Ba2 Be6 23. Bxe6 fxe6 24. Ke2 Kf7 25. Rc1 Nd7 $11) 20. Ke2 c5
21. Rd1 Kf8 22. g4 $1 (22. e4 c4 23. Bc2 Be6 24. Rd6 Nd7 25. f4 Ke7 $132) 22...
c4 ({It is always a decision to push} 22... h6 {or not.} 23. h4 c4 24. Bc2 Be6
25. g5 hxg5 26. hxg5 Nd7 $14) 23. g5 $5 {This was what I was expecting too. It
looks good for White but never underestimate the bishop.} (23. Bc2 Be6 24. g5
Nd7 25. h4 Ke7 26. Nd5+ Bxd5 27. Rxd5 g6 28. f4 Rc8 $14) 23... cxb3 24. gxf6
gxf6 (24... Be6 $6 25. fxg7+ Kxg7 26. a3 a5 27. Rd4 $16) 25. axb3 Be6 26. b4 a5
27. bxa5 Rxa5 28. Rd8+ Kg7 29. Rb8 Ra1 30. Kf2 Rh1 31. Kg3 Rg1+ 32. Kf2 Rh1 33.
Kg2 Re1 34. e4 $5 (34. Rxb5 Rxe3 35. Rc5 Bb3 $1 $14 {Black should hold this.})
34... Bc4 35. b4 f5 $1 $11 36. exf5 Re5 37. f4 Rxf5 38. Kg3 Rf6 $1 {The rook
should leave the post before Black gets stuck with it.} 39. Nxb5 Rg6+ 40. Kf3 (
40. Kf2 Rh6 41. Na3 Be6 $11) 40... Rh6 41. Kg3 {He decided to call it a day.} (
41. Nc7 Rxh2 42. Ne8+ Kg6 43. Rb6+ Be6 $11) (41. Ke4 Bxb5 $1 {Time to get rid
of the knight.} (41... Rxh2 42. Nd6 Re2+ $1 43. Kf3 Rc2 44. b5 $36) 42. Rxb5
Rxh2 43. Rc5 h5 $11) 41... Rg6+ 42. Kf3 Rh6 1/2-1/2

[Event "Belgrade Trophy 29th"]
[Site "Belgrade"]
[Date "2015.11.30"]
[Round "7"]
[White "Brkljaca, Ante"]
[Black "Atalik, Suat"]
[Result "0-1"]
[WhiteElo "2327"]
[BlackElo "2570"]
[Annotator "Atalik,S"]
[PlyCount "65"]
[EventDate "2015.11.24"]
[EventType "swiss"]
[EventRounds "9"]
[EventCountry "SRB"]
[SourceTitle "CBM 170"]
[Source "ChessBase"]
[SourceDate "2016.01.15"]
[SourceVersion "1"]
[SourceVersionDate "2016.01.15"]
[SourceQuality "1"]

1. d4 Nf6 2. Nf3 d5 3. c4 e6 4. Nc3 Nbd7 {Black is heading for the Westphalia
Variation of the Ragozin Complex.} ({Avoiding lines connected with Qa4.} 4...
Bb4 5. cxd5 (5. Qa4+ Nc6) 5... exd5 6. Qa4+ Nc6 7. Bg5 h6 8. Bxf6 Qxf6 9. e3
O-O 10. Be2 {which are tough to break.}) 5. Bg5 (5. cxd5 exd5 6. Bf4 Bb4 $5) (
5. Bf4 Bb4) (5. Qc2 $5 dxc4 6. e4 Nb6 {are all complicated lines where White
should have a solid grasp of modern theory.}) 5... Bb4 6. e3 (6. cxd5 exd5 7.
Qa4 c5 8. dxc5 Bxc3+ 9. bxc3 O-O 10. Qb4 h6 11. Bh4 Re8 $132 {is the main line
when White tosses in Qa4.}) 6... c5 7. cxd5 exd5 8. Qa4 $6 {Who does not know
Uhlmann-Vlado Kovacevic, Vinkovci 1982?} O-O (8... Qa5 $5 9. Qxa5 Bxa5 {
attracted my attention but I decided to follow the logical path.}) 9. Be2 (9.
dxc5 Bxc3+ 10. bxc3 Nxc5 $36) (9. Bd3 Qb6 10. O-O cxd4 11. exd4 Bxc3 12. bxc3
Ne4 {I think Uhlmann could have done better with} 13. Rfe1) 9... Qb6 (9... h6
$5 10. Bxf6 Nxf6 11. O-O Bxc3 12. bxc3 c4 13. Nd2 Bf5 $36 {is another logical
line.}) 10. O-O (10. Bxf6 Nxf6 11. O-O Bd7) 10... cxd4 11. exd4 (11. Nb5 d3 $1
12. Bxd3 Nc5 13. Qc2 Nfe4 $13 {and Black is active.}) 11... Bxc3 12. bxc3 Ne4
13. Rac1 $6 {Passive!} (13. Qa3 $5) 13... Qc7 14. Qc2 Nb6 15. Bh4 Bf5 $6 (15...
Bg4 $1 $15 {gives Black a solid edge due to the pawn structure. However I had
already made an unnecessary calculation.}) 16. Bd3 Rac8 (16... Rfc8 $5 17. Ne5
$1) (16... f6 $142 $15) 17. Ne5 $1 (17. Ng5 f6 18. Nxe4 Bxe4 19. Bxe4 dxe4 20.
Qxe4 Rfe8 21. Qf3 Qc6 $1 $17 {is positionally correct.}) 17... f6 $1 (17... Nd7
18. f3 Nxe5 19. dxe5 Qb6+ 20. Bf2 Nxf2 21. Rxf2 Bxd3 22. Qxd3 $11) 18. f3 Qxc3
$6 {Having spent too much time after checking and rechecking the long lines I
failed to see 1 important move down in the main line. Alas it is enough to
spoil everything.} (18... fxe5 19. fxe4 dxe4 20. Bxe4 Bxe4 21. Qxe4 exd4 22.
Rxf8+ Rxf8 23. Qxd4 Qc4 $15 {I am always afraid of a draw in such positions.})
19. Qxc3 $2 {Miscalculation!} (19. fxe4 Qxd4+ 20. Qf2 Qxf2+ 21. Bxf2 $1 (21.
Kxf2 $2 Bxe4 $1 $19 (21... Rxc1 22. Rxc1 dxe4 23. Bc4+ Nxc4 24. Nxc4 Rc8 $19))
21... Rxc1 22. Rxc1 dxe4 23. Bc4+ Nxc4 24. Nxc4 Rc8 25. Be3 $1 {is what I had
missed but it is more than enough to spoil one's joy!} Be6 26. Nd6 Rxc1+ 27.
Bxc1 Bxa2 28. Nxb7 $11) 19... Nxc3 20. Bxf5 Ne2+ 21. Kf2 Nxc1 22. Be6+ Kh8 23.
Bxc8 (23. Nf7+ Rxf7 24. Bxc8 Nd3+ 25. Ke3 Nb4 (25... Nxc8 26. Kxd3 Kg8 $19 {
with a technical position.}) 26. Bf5 Nc4+ 27. Kf2 Re7 $19) 23... Rxc8 24. Nf7+
Kg8 25. Nd6 Rc2+ 26. Kg1 Nc4 27. Nxb7 Ne2+ $5 (27... Ne3 28. Re1 Nxg2 29. Rxc1
Rxc1+ 30. Kxg2 Rc2+ 31. Kg1 Rxa2 $19) 28. Kh1 Nf4 $5 (28... Rxa2 $19 {is the
simplest of all.}) 29. Bg3 Nxg2 (29... Ne6 30. Bf2 Rxa2 $19) 30. a4 $2 {
After this Black launches a checkmating attack.} (30. Rf2 Nge3 $19) 30... Nge3
31. Rb1 Nf5 32. Rd1 Nd2 33. Nd6 (33. Nd6 Nxg3+ 34. hxg3 Nxf3 $19) 0-1

[Event "Nova Gorica op-A 08th"]
[Site "Nova Gorica"]
[Date "2003.02.02"]
[Round "4"]
[White "Atalik, Suat"]
[Black "Mitkov, Nikola"]
[Result "1/2-1/2"]
[WhiteElo "2581"]
[BlackElo "2534"]
[Annotator "Atalik,S"]
[PlyCount "119"]
[EventDate "2003.01.31"]
[EventType "swiss"]
[EventRounds "9"]
[EventCountry "SLO"]
[SourceTitle "EXT 2004"]
[Source "ChessBase"]
[SourceDate "2003.11.25"]
[SourceVersion "1"]
[SourceVersionDate "2003.11.25"]
[SourceQuality "1"]

1. d4 Nf6 2. c4 e6 3. Nf3 d5 4. Nc3 Bb4 {The defence named after the late
Russian GM Viacheslav Ragozin.This is one of Mitkov's main weapons.} 5. cxd5
exd5 6. Bg5 h6 7. Bh4 g5 8. Bg3 Ne4 9. Nd2 Nxc3 10. bxc3 Bxc3 11. Rc1 $44 {
This is all theory.White has compensation for the pawn.} Bb2 12. Bxc7 Qe7 {
The best move.} (12... Qd7 13. Be5 (13. Rb1 Bc3 14. Bg3 Nc6 15. e3 Qe7 16. Rc1
Bb4 17. Bb5 $16) 13... Bxc1 14. Bxh8 Qc6 15. Qb3 Be6 (15... Kf8 16. e3 f6 17.
Nb1 $1 a6 18. Bd3 Kg8 19. Bxf6 (19. O-O Kxh8 20. Bc2 Bxe3 21. fxe3 $16) 19...
Qxf6 20. O-O Qc6 21. Bc2 Bxe3 22. fxe3 $18) 16. e3 Nd7 17. Bb5 Qc7 18. Nb1
O-O-O 19. Bxd7+ Bxd7 20. Bf6 Re8 21. O-O $16) 13. Bd6 Qe6 14. Rb1 Bc3 15. Ba3
Nc6 16. e3 Bxd4 17. Bb5 Be5 $146 {GM Mitkov has chosen this move after some
thought.Still I do not understand the difference between this two moves.} (
17... Bf6 {was played in Shabalov-Mitkov,Chicago(open) 2002.} 18. Nb3 Bc3+ 19.
Kf1 a6 20. Nd4 (20. Bd3 b5 21. Bc5 Bf6 22. a4 $1 $44) 20... Bxd4 (20... Qf6 21.
Bxc6+ bxc6 22. Rc1 Bxd4 23. exd4 Bf5 24. Qb3 Rd8 25. Kg1 g4 26. Qb7 Qe6 27.
Qxa6 $16) 21. Qxd4 f6 22. Bxc6+ bxc6 (22... Qxc6 23. Rb6 Qc4+ 24. Qxc4 dxc4 25.
Bb2 Bf5 26. Bxf6 Bd3+ 27. Ke1 O-O 28. Bc3 $16) 23. h4 g4 24. Ke2 g3 25. f3 Rg8
26. Rhc1 a5 27. Rb6 Bd7 (27... Ba6+ 28. Kd2 Bc4 29. Rb7 $16) 28. Rb7 a4 29.
Rcb1 Kf7 30. Bc5 Rgd8 31. Qf4 d4 32. Bxd4 Qxa2+ 33. R1b2 Qc4+ 34. Kd2 Qe6 35.
Qxh6 a3 36. Qh7+ Ke8 37. R2b6 a2 38. Ra6 $16) 18. Nf3 $6 {After some
substantial thought I wanted to take advantage of Be5.} (18. Nb3 Bc3+ {should
transpose to the line mentioned above.}) 18... Bc3+ 19. Kf1 {White is ready
for Bb5-a4-b3.} a6 $2 {Anyway whites bishop will try to reach b3.} (19... Bd7
$1 20. Bc5 (20. Ba4 g4 21. Ng1 d4 22. exd4 Nxd4 (22... Qxa2 23. Qe2+ Qxe2+ 24.
Nxe2 $40) 23. Bxd7+ Kxd7 $1 (23... Qxd7 24. Ne2 Nxe2 25. Qxe2+ $36) 24. Qd3 Qa6
(24... Qg6 $2 25. Rd1) (24... Rhe8 $5 $19) 25. Qxa6 bxa6 26. Ne2 Nb5 27. Rxb5
axb5 28. Nxc3 Rhc8 29. Bb2 b4 30. Na4 Kc6 $19) (20. Qb3 Bf6 21. Nd4 (21. Bb2 g4
22. Bxc6 bxc6 23. Bxf6 Qxf6 24. Nd4 Rc8 $40) 21... Nxd4 22. Bxd7+ Qxd7 23. exd4
O-O-O 24. Bc5 Qc6 (24... b6 $2 25. Bxb6 $1) 25. Qh3+ Rd7 $17) 20... g4 21. Nd4
Bxd4 22. Bxd4 $44) 20. Ba4 b5 21. Bb3 Bb7 22. Bxd5 Qd7 23. e4 b4 {After this
white is taking over the initiative.} ({However castling long has its own
shortcomings.} 23... O-O-O 24. Qc2 Bg7 25. Rc1 Kb8 26. Bxc6 Bxc6 27. Qxc6 Qd3+
28. Kg1 Qxa3 29. h4 Rc8 30. Qb6+ Ka8 31. Rd1 Rc1 (31... g4 32. Rd7 $18) 32. Kh2
$40) 24. Bb2 Bxb2 25. Rxb2 O-O {Another surprise.} (25... O-O-O $13 {I was
expecting this one more.}) 26. Qd2 $1 {h6 is the critical square in the game.}
(26. h4 g4 27. Nh2 Ne5) 26... Rfe8 27. h4 Ne5 $8 {From now one black started
to conduct a great defence.} (27... g4 $2 28. Qxh6 gxf3 29. gxf3 $18) 28. hxg5
$2 {White has to be careful,but anyway has to go for the pawn.} (28. Bxb7 Qxb7
29. Rxb4 Qc7 30. Nxe5 (30. hxg5 $2 Rad8 31. Nd4 Qc5 32. g6 Nxg6 33. f3 Rd6 $19)
30... Qxe5 (30... Rad8 31. Qe1 (31. Nd3 Rxd3 32. Qxd3 Qc1+ 33. Ke2 Qxh1 34.
hxg5 hxg5 35. Qd7 $16) 31... Qxe5 32. hxg5 hxg5 33. Rh5 $16) 31. hxg5 Rad8 32.
Qc1 Rc8 33. Qd1 hxg5 $16) 28... Bxd5 29. exd5 Nxf3 (29... Nc4 30. Qd4) 30. gxf3
Re5 $1 {All of a sudden I have realized that I am sitting behind a drawish
position.} 31. Rh5 (31. gxh6 Qb5+ 32. Kg2 Rxd5 33. Qe2 Rg5+ 34. Kf1 Kh7 $11) (
31. Rxh6 Qb5+ 32. Kg2 Rxd5 33. Qxb4 Rxg5+ 34. Kh2 Qe5+ (34... Qf1 $2 35. Rh8+
Kxh8 36. Qh4+ Kg8 37. Qxg5+ Kf8 38. Qh4 Kg8 39. Rb4 $18) 35. f4 Rh5+ 36. Rxh5
Qxh5+ 37. Kg3 Qg6+ $11 {Black has perpetual checks.}) 31... Qb5+ 32. Kg2 Rxd5
33. Qxb4 Rxg5+ 34. Rxg5+ Qxg5+ 35. Qg4 Kg7 $11 {Draw offer.} 36. Qxg5+ $6 (36.
Rb6 $142 f6 37. Kh3 {was more to the point.}) 36... hxg5 37. Rb6 a5 38. a4 f6
39. Rb5 Kg6 {This rook ending is drawish.} 40. Kg3 Ra7 (40... Rd8 41. Rxa5 Rd3
42. Rb5 Ra3 43. a5 $11) 41. f4 gxf4+ 42. Kxf4 Ra8 43. Kg4 Ra7 44. f4 Ra6 45.
f5+ Kh6 46. Kf4 Ra7 47. Rb6 Kg7 48. Kg4 Ra8 49. Rb7+ Kh6 50. Rb5 Ra6 51. Kf4
Ra7 52. Rc5 Ra6 53. Ke4 Ra8 54. Kd3 Kg5 55. Kc4 Re8 $1 56. Rxa5 (56. Kb5 Re5
57. Rxe5 fxe5 58. Kxa5 Kxf5 $11) 56... Re4+ 57. Kb3 Re3+ 58. Kc2 Re4 $1 {
Now white can not do anything.} 59. Kd3 Rh4 60. Kc3 1/2-1/2